000 01187nam a2200217Ia 4500
003 Ost
005 20260416102356.0
008 260416s9999||||xx |||||||||||||| ||und||
040 _cfsecg
041 _aara
082 _a310
100 _aسايح، فاطيمة
_eمؤلف
245 0 _aمحاضرات في الإحصاء 1 :
_bمطبوعة موجهة لطلبة السنة الاولى في العلوم الاقتصادية و التجارية و علوم التسيير /
_c فاطيمة سايح
260 _aالجزائر
_bجامعة الجزائر3: كلية العلوم الإقتصادية، العلوم التجارية وعلوم التسيير
_c2020
300 _a128 ورقة
_bايضاحات
_c30 سم
504 _aمراجع
520 _aمفاهيم أولية حول الاحصاء، تنظيم و عرض البيانات الاحصائية، مقاييس النزعة المركزية ، مقاييس التشتت، مقاييس الشكل
653 _aالاحصاء
710 _aجامعة الجزائر3: كلية العلوم الإقتصادية، العلوم التجارية وعلوم التسيير
_eناشر علمي
942 _cHANDOUT
999 _c41223
_d41223